000 00613nam a2200217Ia 4500
005 20250508165036.0
008 008 250505s9999 xx 000 0 eng d
020 _a0-87201-001-5
037 _aTextual
040 _aFEDL
_beng
_cFEDL
041 _aeng
_2eng
084 _a657.044, GIE
_qFEDL
100 _aGiese J W
_9506778
245 0 _aIntermediate accounting: A flow approach
260 _aEnglewood Chiffs, USA
_bPrentice Hall
_c1984
300 _axiii,911p.
546 _aMACESE
700 _a Klammer Thomas P
_9779798
942 _cTEXL
_h657.044, GIE
999 _c1392804
_d1392804